BIBLIOTHÈQUE DE LA MAISON DU MEXIQUE

Logo 1 Logo 2

Guía de pecadores (notice nᵒ 11784)

détails MARC
000 -Sello discográfico
campo de control de longitud fija 00999nam a2200349 4500
005 - Identificación de versión
campo de control 20250925141614.0
035 ## - Otros números de control del sistema
Número de control del sistema 4022
099 ## - fechas locales
Tipo de ítem Koha LIBRO
100 ## - Datos de procesamiento general
Datos de procesamiento general 20040927d1942 m y1spay5003 ba
105 ## - Campo de datos codificados: Material textual, monográfico
Datos codificados de monografía y 001zy
200 1# - Título y mención de responsabilidad
Título propio Guía de pecadores
Designación general del material texto impreso
Primer mención de responsabilidad Fray Luis de Granada
Declaración de responsabilidad subsiguiente edición, prólogo y notas Matías Martínez Burgos
210 ## - Publicación, distribución, etc.
Lugar de publicación, distribución, etc. Madrid
Nombre del editor, distribuidor, etc. Espasa - Calpe
Fecha de publicación, distribución, etc. 1942
215 ## - Descripción física
Designación de material específico y extensión del ítem XIX + 268 p
Dimensiones 19 cm
318 ## - Nota de acción
Acción No se presta a domicilio
345 ## - Nota de información de adquisición
Fuente de adquisición/dirección de la suscripción [OBSOLETO] Donación
410 #1 - Series
Título Clásicos Castellanos
Número de volumen 97
606 ## - Término temático usado como materia
Elemento de entrada Vida cristiana
Subdivisión temática Autores católicos
Número Koha 18439
676 ## - Clasificación Decimal Dewey
Número R860 C614 v.97
700 ## - Nombre personal - Responsabilidad primaria
Elemento de entrada Luis de Granada
Fechas 1504-1588
Adiciones a los nombres que no sean fechas Fray
Número Koha 18440
702 ## - Nombre personal - Responsabilidad secundaria
Elemento de entrada Martínez Burgos
Parte del nombre distinta del elemento de entrada Matías
Número Koha 18441
801 #0 - Fuente de origen
Agencia cm
900 ## -
-- 1/8112
900 ## -
-- 7100419878\270904
942 ## - ELEMENTOS DE ENTRADA SECUNDARIOS (KOHA)
Tipo de ítem Koha Livre

Pas d'exemplaire disponible.